[Event "Rheinland-ch H2"]
[Site "Mainz Laubenheim"]
[Date "2002.03.30"]
[Round "7.3"]
[White "Roth, Michael"]
[Black "Sehnert, Joern"]
[Result "1-0"]
[WhiteElo "1389"]
[BlackElo "1295"]
[PlyCount "60"]
[EventDate "2002.03.23"]
[EventType "swiss"]
[EventRounds "7"]
[EventCountry "GER"]
[SourceTitle "EXT 2003"]
[Source "ChessBase"]
[SourceDate "2002.11.25"]
[SourceVersion "1"]
[SourceVersionDate "2002.11.25"]
[SourceQuality "1"]

1. e4 d6 2. d4 g6 3. Bc4 Nf6 4. Nc3 Bg7 5. h3 0-0 6. Be3 h6 7. Qd2 Kh7 8. g4 Nfd7 9. f4 c5 10. 0-0-0 a6 11. dxc5 b5 12. Bd5 Ra7 13. c6 Nc5 14. a3 Rc7 15. Nf3 Nxc6 16. e5 Bb7 17. Qf2 Nd7 18. Bxf7 Rxf7 19. e6 Rf8 20. exd7 Rxd7 21. Ne4 d5 22. Nc5 Qc8 23. Nxd7 Qxd7 24. Qh4 e6 25. Bc5 Rxf4 26. Rhf1 Qf7 27. Ng5+ Kg8 28. Nxf7 Rxf7 29. Rxf7 Kxf7 30. Qg3 Bf8 1-0

[Event "Rheinland-ch H2"]
[Site "Mainz Laubenheim"]
[Date "2002.03.29"]
[Round "6.4"]
[White "Sehnert, Joern"]
[Black "Asadi, Nawid"]
[Result "1-0"]
[WhiteElo "1295"]
[BlackElo "1072"]
[PlyCount "65"]
[EventDate "2002.03.23"]
[EventType "swiss"]
[EventRounds "7"]
[EventCountry "GER"]
[SourceTitle "EXT 2003"]
[Source "ChessBase"]
[SourceDate "2002.11.25"]
[SourceVersion "1"]
[SourceVersionDate "2002.11.25"]
[SourceQuality "1"]

1. e4 e5 2. Nf3 Nc6 3. Bc4 h6 4. d3 d6 5. Nc3 Nf6 6. 0-0 Be7 7. Ne2 Bg4 8. Ng3 a6 9. h3 Bd7 10. c3 Be6 11. Bxe6 fxe6 12. Qb3 Qc8 13. Ne2 0-0 14. Bd2 Rd8 15. Rad1 Rb8 16. d4 exd4 17. Nexd4 d5 18. exd5 exd5 19. Rfe1 Re8 20. Qc2 Kf7 21. c4 Qd7 22. Nxc6 Qxc6 23. Ne5+ Kf8 24. Nxc6 bxc6 25. cxd5 Nxd5 26. Qxc6 Red8 27. Bc3 Rb6 28. Qc4 Rbd6 29. Qe2 R8d7 30. Qc2 Nf4 31. Rxd6 Rxd6 32. Qh7 Ng6 33. Qxg7+ 1-0

[Event "Rheinland-ch H2"]
[Site "Mainz Laubenheim"]
[Date "2002.03.24"]
[Round "4.2"]
[White "Baetz, Peter"]
[Black "Sehnert, Joern"]
[Result "1-0"]
[WhiteElo "1356"]
[BlackElo "1295"]
[PlyCount "43"]
[EventDate "2002.03.23"]
[EventType "swiss"]
[EventRounds "7"]
[EventCountry "GER"]
[SourceTitle "EXT 2003"]
[Source "ChessBase"]
[SourceDate "2002.11.25"]
[SourceVersion "1"]
[SourceVersionDate "2002.11.25"]
[SourceQuality "1"]

1. d4 Nf6 2. c4 e6 3. Nc3 Bb4 4. Bg5 0-0 5. g3 h6 6. Bd2 Bxc3 7. Bxc3 d5 8. Bg2 Na6 9. Nf3 c5 10. a3 dxc4 11. Ne5 cxd4 12. Qxd4 Nc7 13. Qxd8 Rxd8 14. Nxc4 Ncd5 15. Bd4 b5 16. Ne5 Nf4 17. Bxa8 Rxd4 18. gxf4 Rxf4 19. Nc6 a6 20. Ne7+ Kf8 21. Nxc8 Rd4 22. Rd1 1-0